Velký anglicko-český slovník : III, S - Z
Saved in:
| Main Authors: | , |
|---|---|
| Format: | Book |
| Language: | Czech |
| Published: |
Praha :
Academia,
1985
|
| Edition: | 1. vyd. |
| Tags: |
No Tags, Be the first to tag this record!
|
MARC
| LEADER | 00000nam a22000003a 4500 | ||
|---|---|---|---|
| 001 | stu11118 | ||
| 005 | 20150617225801.5 | ||
| 008 | 950220s1985----cs------------------cze-d | ||
| 040 | |a STU |b slo | ||
| 041 | 0 | |a cze | |
| 044 | |a cs | ||
| 100 | 1 | |a Hais, Karel |4 aut | |
| 245 | 1 | |a Velký anglicko-český slovník : |b III, S - Z | |
| 250 | |a 1. vyd. | ||
| 260 | |a Praha : |b Academia, |c 1985 | ||
| 300 | |a 1925-2843 s | ||
| 700 | 1 | |a Hodek, Břetislav |4 aut | |
| 996 | |c V*30640/O-12392 III |l VV9 |s P |a 0 |w stu11118_0001 | ||